| 000 | 00461nam a2200157Ia 4500 | ||
|---|---|---|---|
| 008 | 230312s9999||||xx |||||||||||||| ||und|| | ||
| 020 | _a0-07-069572-5 | ||
| 082 |
_a658.3 _bWER |
||
| 100 | _aWilliam B. Werether , JR. | ||
| 245 | 0 | _aHuman Resources and Personnel Management | |
| 260 |
_bMcGraw Hill _aNew York _c1996 |
||
| 300 | _a624 | ||
| 546 | _aEng. | ||
| 650 |
_aManagement _vFrameworks and Challenges , Preparation and Selection |
||
| 942 | _cBK | ||
| 999 |
_c747 _d747 |
||